1993 1647 1959 1276 1398 1064 1249 1200 1850 1398 1844 1340 1134 1078 1670 1837 1047 1854 1947 1247 1295 1210 1887 1102 1185 1465 1956 1127 1012 1870 1083 1345 1190 1137 1329 1482 1698 1169 1104 1321 1774 1318 1591 1820 1653 1285 1395 1867 1831 1724 1390 1786 1900 1672 1227 1293 1780 1730 1056 1974 1237 1445 1891 1219 1316 1882 1148 1795 1621 1051 1460 1849 1955 1610 1127 1720 1844 1998 1476 1455 1159 1500 1002 1355 1761 1472 1751 1460 1899 1716 1655 1390 1601 1231 1604 1871 1022 1070 1664 BCNSPRNW ULIB Ver.6.0+V

เปลี่ยนเป็นภาษาไทย

Change to English
 แสดงรายละเอียดบรรณานุกรม
  กลับหน้าหลัก

Brief Record : Get Marc (ISO 2709) : E-mail record : QR code < ปิดหน้าต่าง
LEADER : 00000nam 2200000uu 4500
001    13399114434
003     ULIB
008    110627s||||||||th 000 0 tha d
020    9747319608
098    นว.^bม162ล
100 0  มนันยา
245 00 ลับลมคมนอก/^cมนันยา
250    พิมพ์ครั้งที่ 1
260    กรุงเทพฯ :^bสามสี,^c2544
300    216 หน้า
710 1  สามสี
945    ^p100^l0^i031544
995    ทศพร
999 ^a ใช้งานได้ทุกระบบ
รายการนี้ยังไม่มีแท็ก
คุณยังไม่ได้ล็อกอิน คุณสามารถมีกิจกรรมร่วมกับเว็บไซต์ได้ แต่ต้องล็อกอินก่อน ::
  ล็อกอิน

รายการสื่อสารสนเทศ

ลำดับที่ ประเภท เลขเรียก/บาร์โค้ด สถานที่ สถานะ
1. นวนิยาย
นวนิยาย
 ฉ.1 
  Barcode: 031544
ห้องสมุดวิทยาเขตสวรรค์ประชารักษ์
►นวนิยาย
บนชั้น
  ขอยืม

รายการใกล้เคียง
    ผู้แต่ง [มนันยา]

BibComment


ยังไม่เคยถูกคอมเมนท์

คอมเมนท์ทรัพยากรรายการนี้
  คอมเมนท์: ลับลมคมนอก มนันยา


 Copyright 2026. Bcnsprnw @Library